Diagnóstico Ambiental de la Explotación de Arcilla en la zona oriental del municipio de La Paz Centro, León, Nicaragua

Presenta un diagnóstico ambiental sobre la explotación de arcilla en la zona oriental del Municipio de la Paz Centro León. Nicaragua describe información agro - socioeconómica del municipio , destacándose las principales actividades económicas y socioculturales, caracterización de los princi...

Full description

Bibliographic Details
Main Authors: Miranda Báez, Juan Carlos, Vanegas Carrero, Leoncio
Other Authors: Tutor: Rosales Rivera, Benjamin
Format: Tesis Section = Libro
Language:Undetermined
Spanish
Published: Managua UNI 2004
Subjects:
LEADER 01660nam a2200265Ia 4500
008 240830s9999 xx 000 0 und d
040 |a BIBLIOTECA-RUSB/ T.Mon 333.7 M672 
041 |a spa 
082 |a T.Mon 333.7 M672 
100 1 |a Miranda Báez, Juan Carlos 
100 1 |b Vanegas Carrero, Leoncio 
245 1 0 |a Diagnóstico Ambiental de la Explotación de Arcilla en la zona oriental del municipio de La Paz Centro, León, Nicaragua 
260 |a Managua  |b UNI  |c 2004 
300 |a 83 p. :il. 
502 |a Tesis (Especialista en Gestión Ambiental y Proyectos de Desarrollo Rural) - UNI, 2004. 
520 3 |a Presenta un diagnóstico ambiental sobre la explotación de arcilla en la zona oriental del Municipio de la Paz Centro León. Nicaragua describe información agro - socioeconómica del municipio , destacándose las principales actividades económicas y socioculturales, caracterización de los principales componentes ambientales, problemática ambiental de la zona, se evalúa los impactos ambientales generados por la explotación de arcilla y se exponen las medidas identificadas como alternativas que como alternativas que contribuyan a la prevención, mitigación y compensación del medio ambiente, además se hace una revisión de la literatura relacionada al tema ambiental. 
650 7 |a MEDIO AMBIENTE - EXPLOTACION DE ARCILLA - LA PAZ CENTRO 
650 7 |b  IMPACTO AMBIENTAL - EXPLOTACION DE ARCILLA 
650 7 |c  COMPONENTES DEL MEDIO AMBIENTE 
650 7 |d  MITIGACION AMBIENTAL 
650 7 |e  GESTION AMBIENTAL 
700 1 |a Tutor:  |b Rosales Rivera, Benjamin 
942 |c BK  |2 ddc 
991 |a TESIS 
999 |c 21691